[Event "18th HZ Open 2014"]
[Site "Vlissingen NED"]
[Date "2014.08.03"]
[Round "2.5"]
[White "Van den Doel, E."]
[Black "Gijsen, S."]
[Result "1-0"]
[WhiteElo "2554"]
[BlackElo "2144"]
[PlyCount "87"]
[EventDate "2014.08.02"]
[EventType "swiss"]
[EventRounds "9"]
[EventCountry "NED"]
[Source "Mark Crowther"]
[SourceDate "2014.08.04"]

1. e4 e5 2. Nf3 Nc6 3. Bb5 a6 4. Ba4 Nf6 5. O-O Be7 6. Re1 b5 7. Bb3 O-O 8. d3
Bb7 9. Nbd2 d5 10. exd5 Nxd5 11. Nxe5 Nd4 12. c3 Nxb3 13. Nxb3 c5 14. Bd2 Qc7
15. c4 Bd6 16. Ba5 Nb6 17. Qh5 Rae8 18. Ng4 Qc6 19. f3 Na4 20. Bd2 f5 21. Na5
Rxe1+ 22. Rxe1 Qd7 23. Nxb7 Qxb7 24. Nh6+ gxh6 25. Bxh6 Qf7 26. Qg5+ Qg6 27.
Qxg6+ hxg6 28. Bxf8 Bxf8 29. b3 Nb2 30. Re6 Nxd3 31. Rxg6+ Kf7 32. Rxa6 bxc4
33. bxc4 Nb2 34. a4 Nxc4 35. a5 Ne5 36. Ra7+ Ke6 37. a6 Kd6 38. Rh7 Nc6 39. a7
Nxa7 40. Rxa7 c4 41. Kf1 Kd5 42. Rf7 Bb4 43. Rxf5+ Kd4 44. Ke2 1-0

[Event "18th HZ Open 2014"]
[Site "Vlissingen NED"]
[Date "2014.08.03"]
[Round "2.6"]
[White "Ratsma, Midas"]
[Black "Ikonnikov, Vy"]
[Result "0-1"]
[WhiteElo "2171"]
[BlackElo "2551"]
[PlyCount "82"]
[EventDate "2014.08.02"]
[EventType "swiss"]
[EventRounds "9"]
[EventCountry "NED"]
[Source "Mark Crowther"]
[SourceDate "2014.08.04"]

1. d4 Nf6 2. c4 c6 3. Nf3 d5 4. Nc3 a6 5. e3 Bf5 6. Bd3 e6 7. O-O Be7 8. Bxf5
exf5 9. cxd5 cxd5 10. Qb3 Nc6 11. Bd2 Na5 12. Qc2 g6 13. Ne5 O-O 14. Qd3 Rc8
15. b3 Ne4 16. Be1 f6 17. Nf3 Nc6 18. a3 Bxa3 19. Nxd5 Bd6 20. Nf4 Bxf4 21.
exf4 Qd5 22. Qc4 Rfd8 23. Rd1 a5 24. Qxd5+ Rxd5 25. Rc1 Rcd8 26. g3 Rb5 27. Rc4
Rxb3 28. Nd2 Rb4 29. Rxc6 bxc6 30. Nxe4 fxe4 31. Bxb4 axb4 32. Rc1 b3 33. Rb1
Rb8 34. Kf1 Kf7 35. Ke2 Ke6 36. Kd2 Kd5 37. Kc3 b2 38. h3 h5 39. g4 h4 40. f5
gxf5 41. gxf5 Rb7 0-1

[Event "18th HZ Open 2014"]
[Site "Vlissingen NED"]
[Date "2014.08.03"]
[Round "2.7"]
[White "Hausrath, D."]
[Black "Stange, S."]
[Result "1-0"]
[WhiteElo "2530"]
[BlackElo "2137"]
[PlyCount "63"]
[EventDate "2014.08.02"]
[EventType "swiss"]
[EventRounds "9"]
[EventCountry "NED"]
[Source "Mark Crowther"]
[SourceDate "2014.08.04"]

1. Nf3 Nf6 2. g3 d5 3. Bg2 c6 4. c4 Bg4 5. Ne5 Be6 6. cxd5 Bxd5 7. Nf3 c5 8.
Nc3 Bc6 9. O-O e6 10. d3 Be7 11. e4 O-O 12. Qe2 b5 13. a4 bxa4 14. Rd1 Qc7 15.
d4 cxd4 16. Nxd4 e5 17. Nf5 g6 18. Nxe7+ Qxe7 19. Bg5 Nbd7 20. Rxd7 Bxd7 21.
Qf3 Kg7 22. Nd5 Nxd5 23. Bxe7 Nxe7 24. Qc3 Nc6 25. Rd1 Be8 26. Rd6 Nd4 27. Qc5
f6 28. f4 Nb3 29. Qc7+ Rf7 30. Qc4 Rb8 31. fxe5 fxe5 32. Qe6 1-0

[Event "18th HZ Open 2014"]
[Site "Vlissingen NED"]
[Date "2014.08.03"]
[Round "2.8"]
[White "Gieben, Stijn"]
[Black "Pruijssers, R."]
[Result "1-0"]
[WhiteElo "2134"]
[BlackElo "2517"]
[PlyCount "159"]
[EventDate "2014.08.02"]
[EventType "swiss"]
[EventRounds "9"]
[EventCountry "NED"]
[Source "Mark Crowther"]
[SourceDate "2014.08.04"]

1. e4 e5 2. Nf3 d6 3. d4 exd4 4. Nxd4 Nf6 5. Nc3 Be7 6. Bc4 O-O 7. O-O Re8 8.
Re1 Bf8 9. Bg5 h6 10. Bh4 Nbd7 11. f3 c6 12. Qd2 Ne5 13. Bb3 Bd7 14. a4 Ng6 15.
Bf2 b6 16. Nce2 Qc7 17. c4 a5 18. Rad1 Rad8 19. Nc2 Bc8 20. Qc3 Nd7 21. Bd4 Nc5
22. Ng3 f6 23. Bxc5 dxc5 24. Ne3 Bd6 25. Ngf1 Be5 26. Qc1 Nf4 27. Bc2 Rxd1 28.
Nxd1 Rd8 29. Nf2 Bd4 30. Ne3 h5 31. g3 Ng6 32. Kg2 h4 33. Nd3 Ne5 34. f4 Nxd3
35. Bxd3 Bxb2 36. Qc2 Bd4 37. Nf5 h3+ 38. Kh1 g6 39. Nh4 Qf7 40. Qe2 Re8 41. e5
f5 42. Nf3 b5 43. Ng5 Qb7 44. Rb1 Re7 45. Nxh3 Qa8 46. Qa2 Kg7 47. Ng5 Rb7 48.
Bc2 Qa6 49. cxb5 cxb5 50. axb5 Qa8 51. Qd5 Ra7 52. Qxa8 Rxa8 53. Bd1 Bb7+ 54.
Bf3 Bxf3+ 55. Nxf3 Bc3 56. Ne1 a4 57. Nc2 a3 58. b6 a2 59. Rd1 Rb8 60. Rd7+ Kh6
61. b7 a1=Q+ 62. Nxa1 Bxa1 63. Kg2 g5 64. e6 Bf6 65. e7 Bxe7 66. Rxe7 gxf4 67.
gxf4 c4 68. Kf3 c3 69. Ke2 Kh5 70. Rg7 Kh6 71. Rc7 Kh5 72. h3 c2 73. Kd2 Kh4
74. Rg7 Kxh3 75. Kxc2 Kh4 76. Kd3 Kh5 77. Kd4 Kh6 78. Re7 Kg6 79. Ke5 Rf8 80.
Kd6 1-0

[Event "18th HZ Open 2014"]
[Site "Vlissingen NED"]
[Date "2014.08.03"]
[Round "2.9"]
[White "Romanishin, O."]
[Black "Middelveld, M."]
[Result "1-0"]
[WhiteElo "2509"]
[BlackElo "2119"]
[PlyCount "51"]
[EventDate "2014.08.02"]
[EventType "swiss"]
[EventRounds "9"]
[EventCountry "NED"]
[Source "Mark Crowther"]
[SourceDate "2014.08.04"]

1. Nf3 Nf6 2. d4 e6 3. g3 b6 4. Bg2 Bb7 5. c4 Be7 6. Nc3 O-O 7. d5 Bb4 8. Bd2
Na6 9. O-O Nc5 10. Nh4 Rb8 11. Rc1 d6 12. a3 Bxc3 13. Bxc3 Nce4 14. Bd4 c5 15.
dxc6 Bxc6 16. b4 Ba8 17. f3 Ng5 18. e4 d5 19. e5 Nd7 20. f4 Ne4 21. cxd5 Bxd5
22. f5 Re8 23. f6 g6 24. Qg4 h5 25. Qf4 g5 26. Qe3 1-0

[Event "18th HZ Open 2014"]
[Site "Vlissingen NED"]
[Date "2014.08.03"]
[Round "2.11"]
[White "Semcesen, D."]
[Black "Ducarmon, R."]
[Result "1-0"]
[WhiteElo "2489"]
[BlackElo "2099"]
[PlyCount "53"]
[EventDate "2014.08.02"]
[EventType "swiss"]
[EventRounds "9"]
[EventCountry "NED"]
[Source "Mark Crowther"]
[SourceDate "2014.08.04"]

1. d4 Nf6 2. c4 g6 3. Nc3 Bg7 4. e4 d6 5. h3 O-O 6. Nf3 e5 7. dxe5 dxe5 8. Be3
Qe7 9. Nd5 Nxd5 10. cxd5 b6 11. Bc4 a5 12. O-O Ba6 13. Rc1 Bxc4 14. Rxc4 Na6
15. a3 Rfd8 16. Qc2 Rd7 17. Rc1 Ra7 18. Qa4 f5 19. Rc6 f4 20. Bd2 Nc5 21. Qc4
Rd6 22. b4 Rxc6 23. dxc6+ Ne6 24. Ng5 Qxg5 25. Qxe6+ Kf8 26. Qc8+ Kf7 27. Qb8
1-0

[Event "18th HZ Open 2014"]
[Site "Vlissingen NED"]
[Date "2014.08.03"]
[Round "2.12"]
[White "Steen, P."]
[Black "Ducarmon, Q."]
[Result "1-0"]
[WhiteElo "2100"]
[BlackElo "2479"]
[PlyCount "87"]
[EventDate "2014.08.02"]
[EventType "swiss"]
[EventRounds "9"]
[EventCountry "NED"]
[Source "Mark Crowther"]
[SourceDate "2014.08.04"]

1. d4 Nf6 2. c4 e6 3. Nc3 Bb4 4. e3 O-O 5. Bd3 c5 6. Nge2 d5 7. O-O Nc6 8. cxd5
exd5 9. a3 Bxc3 10. bxc3 Re8 11. Ng3 Na5 12. f3 Bd7 13. Ra2 Be6 14. Raf2 cxd4
15. cxd4 Rc8 16. Bb5 Bd7 17. Bxd7 Nxd7 18. e4 Qb6 19. Qa4 Nf8 20. Rb2 Qc7 21.
Rb5 b6 22. Rxd5 Ne6 23. Nf5 Red8 24. Rxd8+ Qxd8 25. d5 Rc4 26. Qb5 Nc5 27. Bg5
f6 28. Bd2 a6 29. Qb1 Nab3 30. Bb4 b5 31. Qa2 Nd3 32. h3 Qb6+ 33. Kh2 Nbc1 34.
Qd2 a5 35. Bxa5 Qb8+ 36. d6 g6 37. Bc7 Rxc7 38. dxc7 Qxc7+ 39. Ng3 h5 40. Qh6
Nf4 41. e5 Ncd3 42. exf6 h4 43. Qxh4 Qc2 44. Rg1 1-0

[Event "18th HZ Open 2014"]
[Site "Vlissingen NED"]
[Date "2014.08.03"]
[Round "2.13"]
[White "Vishnu, P."]
[Black "Sekandar, K."]
[Result "1-0"]
[WhiteElo "2469"]
[BlackElo "2093"]
[PlyCount "55"]
[EventDate "2014.08.02"]
[EventType "swiss"]
[EventRounds "9"]
[EventCountry "NED"]
[Source "Mark Crowther"]
[SourceDate "2014.08.04"]

1. c4 Nf6 2. Nc3 e6 3. e4 d5 4. cxd5 exd5 5. e5 Ne4 6. d4 Bb4 7. Qa4+ Nc6 8.
Bb5 Bd7 9. Nge2 a6 10. Bxc6 Bxc3+ 11. bxc3 Bxc6 12. Qc2 Bb5 13. a4 Bc4 14. O-O
O-O 15. f3 Ng5 16. Rf2 Re8 17. Ng3 f6 18. f4 Nf7 19. Ba3 b6 20. Re1 c5 21. Re3
Nh6 22. Nh5 fxe5 23. Rg3 Kh8 24. fxe5 Ra7 25. Bc1 Re6 26. Bxh6 Rxh6 27. Qf5 Kg8
28. Nxg7 1-0

[Event "18th HZ Open 2014"]
[Site "Vlissingen NED"]
[Date "2014.08.03"]
[Round "2.14"]
[White "Ponizil, C."]
[Black "Kampman, T."]
[Result "0-1"]
[WhiteElo "2428"]
[BlackElo "2090"]
[PlyCount "98"]
[EventDate "2014.08.02"]
[EventType "swiss"]
[EventRounds "9"]
[EventCountry "NED"]
[Source "Mark Crowther"]
[SourceDate "2014.08.04"]

1. Nf3 g6 2. c4 Bg7 3. d4 f5 4. h3 d6 5. g4 fxg4 6. hxg4 Bxg4 7. Bg2 Nc6 8. d5
Ne5 9. Nd4 Nf6 10. f4 Ned7 11. Nc3 a5 12. b3 Nc5 13. Ba3 O-O 14. Qd2 Nh5 15. e3
Qd7 16. O-O Rae8 17. Bxc5 dxc5 18. Nf3 Ng3 19. Rfe1 Qf5 20. Kh2 Nh5 21. Ng5
Nxf4 22. exf4 Bxc3 23. Qxc3 Qxf4+ 24. Qg3 Qxg5 25. Re5 Rf5 26. Rxf5 gxf5 27.
Qxc7 f4 28. Rf1 Rf8 29. Rf2 f3 30. Bh1 h5 31. Qxc5 Qf4+ 32. Kg1 Qg3+ 33. Kf1
Qh3+ 34. Kg1 Qg3+ 35. Kf1 Bh3+ 36. Ke1 Qg1+ 37. Kd2 Qxh1 38. d6 exd6 39. Qg5+
Kf7 40. Qxh5+ Ke7 41. c5 Rf5 42. Qh7+ Kd8 43. Qh4+ Kc8 44. cxd6 Rd5+ 45. Kc3
Qe1+ 46. Kb2 Rd2+ 47. Ka3 Qc1+ 48. Ka4 Qc6+ 49. Kxa5 Qc5+ 0-1

[Event "18th HZ Open 2014"]
[Site "Vlissingen NED"]
[Date "2014.08.03"]
[Round "2.15"]
[White "Goossens, R."]
[Black "Geirnaert, S."]
[Result "1/2-1/2"]
[WhiteElo "2093"]
[BlackElo "2419"]
[PlyCount "84"]
[EventDate "2014.08.02"]
[EventType "swiss"]
[EventRounds "9"]
[EventCountry "NED"]
[Source "Mark Crowther"]
[SourceDate "2014.08.04"]

1. Nf3 Nf6 2. c4 e6 3. Nc3 Bb4 4. g3 O-O 5. Bg2 d6 6. O-O e5 7. Ne1 Bxc3 8.
dxc3 Nc6 9. Bg5 h6 10. Bxf6 Qxf6 11. Nc2 Be6 12. Ne3 a5 13. Nd5 Qd8 14. e3 f5
15. f4 e4 16. g4 Nb8 17. gxf5 Bxf5 18. Qd4 Nd7 19. Bxe4 Bxe4 20. Qxe4 Re8 21.
Qg6 c6 22. Qxd6 cxd5 23. Qxd5+ Kh8 24. Rad1 Nf6 25. Qxb7 Qb8 26. Qxb8 Raxb8 27.
b3 Rxe3 28. Rfe1 Rxc3 29. Rc1 Rxc1 30. Rxc1 Kg8 31. Kf2 Kf7 32. Ke3 Ke6 33. Kd4
Kd6 34. Re1 a4 35. c5+ Kc6 36. Kc4 Re8 37. Re5 axb3 38. Rxe8 Nxe8 39. axb3 Nc7
40. Kd4 Ne6+ 41. Ke5 Nxc5 42. Kf5 Nxb3 1/2-1/2

[Event "18th HZ Open 2014"]
[Site "Vlissingen NED"]
[Date "2014.08.03"]
[Round "2.16"]
[White "Zelbel, P."]
[Black "Lentjes, N."]
[Result "1-0"]
[WhiteElo "2410"]
[BlackElo "2073"]
[PlyCount "63"]
[EventDate "2014.08.02"]
[EventType "swiss"]
[EventRounds "9"]
[EventCountry "NED"]
[Source "Mark Crowther"]
[SourceDate "2014.08.04"]

1. d4 Nf6 2. Nf3 g6 3. Bf4 Bg7 4. e3 O-O 5. Be2 d6 6. h3 Nc6 7. O-O e5 8. Bh2
exd4 9. exd4 Re8 10. c3 Bf5 11. Nbd2 Re7 12. Nc4 Nd5 13. a4 Bh6 14. Bd3 Qd7 15.
Bxf5 Qxf5 16. Qb3 b6 17. Qb5 Nd8 18. Rae1 a6 19. Qb3 Rxe1 20. Rxe1 Ne6 21. Bxd6
cxd6 22. Nxd6 Qf4 23. Qxd5 Rd8 24. Ne5 Bf8 25. Nexf7 Qxf7 26. Nxf7 Rxd5 27.
Rxe6 Kxf7 28. Rxb6 a5 29. f3 h5 30. g4 hxg4 31. hxg4 Bd6 32. Kf2 1-0

[Event "18th HZ Open 2014"]
[Site "Vlissingen NED"]
[Date "2014.08.03"]
[Round "2.17"]
[White "Hoffman, Ro"]
[Black "Hopman, P."]
[Result "0-1"]
[WhiteElo "2088"]
[BlackElo "2387"]
[PlyCount "102"]
[EventDate "2014.08.02"]
[EventType "swiss"]
[EventRounds "9"]
[EventCountry "NED"]
[Source "Mark Crowther"]
[SourceDate "2014.08.04"]

1. d4 d6 2. g3 g6 3. Bg2 Bg7 4. Nf3 Nf6 5. O-O O-O 6. Re1 Na6 7. e4 c5 8. c3
cxd4 9. cxd4 d5 10. e5 Ne8 11. Nc3 Nec7 12. Qb3 Nb8 13. Be3 Nc6 14. Nd2 Kh8 15.
f4 Rb8 16. a4 Be6 17. Rac1 Qd7 18. Nb5 Na6 19. Nc3 Rfd8 20. Bf1 Bf8 21. Bb5 Bf5
22. Na2 Nc7 23. Be2 Ne6 24. Nf3 Bg4 25. Qd3 Kg8 26. b4 Rbc8 27. b5 Na5 28. Nd2
Bxe2 29. Qxe2 Nc7 30. Rc3 Na8 31. Rec1 Nb6 32. Qd1 e6 33. Bf2 Rxc3 34. Rxc3 a6
35. Qc2 axb5 36. axb5 Qxb5 37. Nb3 Nbc4 38. Nxa5 Qxa5 39. Rb3 b5 40. Qb1 Ra8
41. Rxb5 Qxa2 42. Qxa2 Rxa2 43. Rb8 Kg7 44. g4 Nd2 45. Bg3 Be7 46. Rb7 Bh4 47.
f5 Nf3+ 48. Kf1 Bxg3 49. f6+ Kh6 50. hxg3 Kg5 51. Rxf7 Kxg4 0-1

[Event "18th HZ Open 2014"]
[Site "Vlissingen NED"]
[Date "2014.08.03"]
[Round "2.18"]
[White "Leenhouts, K."]
[Black "Koelewijn, Alex"]
[Result "1-0"]
[WhiteElo "2385"]
[BlackElo "2065"]
[PlyCount "45"]
[EventDate "2014.08.02"]
[EventType "swiss"]
[EventRounds "9"]
[EventCountry "NED"]
[Source "Mark Crowther"]
[SourceDate "2014.08.04"]

1. d4 e6 2. Nf3 f5 3. Nc3 Nf6 4. Bf4 d6 5. e3 Be7 6. Bc4 Ne4 7. Nxe4 fxe4 8.
Nd2 d5 9. Bb3 O-O 10. c4 Kh8 11. O-O Bg5 12. Bg3 c6 13. Qe2 Nd7 14. f3 b5 15.
cxb5 c5 16. fxe4 cxd4 17. exd4 Qb6 18. Rxf8+ Nxf8 19. Nf3 Bf6 20. exd5 Bd7 21.
dxe6 Bxb5 22. Qe3 Re8 23. Re1 1-0

[Event "18th HZ Open 2014"]
[Site "Vlissingen NED"]
[Date "2014.08.03"]
[Round "2.19"]
[White "Boucquet, Emile"]
[Black "Ten Hertog, H."]
[Result "0-1"]
[WhiteElo "2081"]
[BlackElo "2356"]
[PlyCount "58"]
[EventDate "2014.08.02"]
[EventType "swiss"]
[EventRounds "9"]
[EventCountry "NED"]
[Source "Mark Crowther"]
[SourceDate "2014.08.04"]

1. d4 g6 2. c4 Bg7 3. e4 e6 4. Nc3 Ne7 5. Be3 d5 6. Nf3 Nbc6 7. Qd2 dxe4 8.
Nxe4 Nf5 9. Rd1 Nxe3 10. fxe3 O-O 11. Be2 b6 12. O-O Bb7 13. Bd3 Qe7 14. Bb1
Rad8 15. Ne1 e5 16. d5 f5 17. Nc3 e4 18. Ne2 Ne5 19. b3 b5 20. Rc1 bxc4 21.
bxc4 Qc5 22. Nd4 Nxc4 23. Ne6 Nxd2 24. Rxc5 Nxf1 25. Nxd8 Rxd8 26. Kxf1 Rxd5
27. Rxc7 Ba6+ 28. Kf2 Rd2+ 29. Kg3 Be5+ 0-1

[Event "18th HZ Open 2014"]
[Site "Vlissingen NED"]
[Date "2014.08.03"]
[Round "2.20"]
[White "Taddei, B."]
[Black "Ratsma, Rosa"]
[Result "1-0"]
[WhiteElo "2348"]
[BlackElo "2035"]
[PlyCount "83"]
[EventDate "2014.08.02"]
[EventType "swiss"]
[EventRounds "9"]
[EventCountry "NED"]
[Source "Mark Crowther"]
[SourceDate "2014.08.04"]

1. e4 c5 2. Nf3 d6 3. Bb5+ Nd7 4. d4 cxd4 5. Qxd4 a6 6. Bxd7+ Bxd7 7. c4 Rc8 8.
Nc3 Qc7 9. b3 e6 10. O-O b5 11. Nd2 Be7 12. Ba3 Bf6 13. Qd3 Qa5 14. Bb2 b4 15.
Nd1 Bxb2 16. Nxb2 Qe5 17. Rfb1 Nf6 18. a3 Bc6 19. axb4 Nxe4 20. f3 Nxd2 21.
Qxd2 Bb7 22. Re1 Qf6 23. Na4 O-O 24. Qxd6 Rfd8 25. Qe5 Qg6 26. Qg3 Qc2 27. Nc5
Rb8 28. Qe5 Qd2 29. Ra4 h6 30. Qe3 Qb2 31. Qe5 Qd2 32. Re2 Qd1+ 33. Kf2 Qb1 34.
Ra1 Qg6 35. Qc7 Rdc8 36. Qa5 Qf6 37. Rd1 Qc3 38. Rd3 Rxc5 39. Rxc3 Rxa5 40.
bxa5 Kf8 41. Rd2 Ke7 42. Rcd3 1-0

[Event "18th HZ Open 2014"]
[Site "Vlissingen NED"]
[Date "2014.08.03"]
[Round "2.21"]
[White "Hekhuis, J."]
[Black "De Jong, M."]
[Result "0-1"]
[WhiteElo "2066"]
[BlackElo "2345"]
[PlyCount "110"]
[EventDate "2014.08.02"]
[EventType "swiss"]
[EventRounds "9"]
[EventCountry "NED"]
[Source "Mark Crowther"]
[SourceDate "2014.08.04"]

1. Nf3 c5 2. c4 Nc6 3. g3 e5 4. d3 Nge7 5. Nc3 d5 6. cxd5 Nxd5 7. Bg2 Nc7 8.
Be3 Be7 9. O-O O-O 10. Rc1 Bd7 11. Nd2 Rc8 12. Nb3 b6 13. f4 exf4 14. Bxf4 Ne6
15. Bd2 Ned4 16. Nxd4 Nxd4 17. Bf4 Bg5 18. Qd2 Bxf4 19. Qxf4 Be6 20. Rf2 Re8
21. b3 Qd7 22. Ne4 Bd5 23. e3 Ne6 24. Qg4 Bxe4 25. Bxe4 Qe7 26. Bd5 Rcd8 27. e4
Qg5 28. Qxg5 Nxg5 29. Kg2 Re7 30. Rcf1 Rd6 31. Bc4 Kf8 32. h4 Ne6 33. g4 h6 34.
Kg3 g6 35. Rf6 Kg7 36. g5 hxg5 37. hxg5 Rdd7 38. Kg4 Nd8 39. Bd5 Re5 40. Bc4
Rde7 41. R1f3 b5 42. Bd5 Ne6 43. Bxe6 R5xe6 44. Rxe6 Rxe6 45. Kf4 Rd6 46. Ke5
Rd4 47. Rh3 a5 48. Rf3 a4 49. Rh3 a3 50. Rf3 Kf8 51. Kf6 Rd6+ 52. Ke5 Rd4 53.
Kf6 c4 54. bxc4 bxc4 55. dxc4 Rxe4 0-1

[Event "18th HZ Open 2014"]
[Site "Vlissingen NED"]
[Date "2014.08.03"]
[Round "2.22"]
[White "Sadikhov, U."]
[Black "Ritsema, R."]
[Result "1-0"]
[WhiteElo "2335"]
[BlackElo "2012"]
[PlyCount "69"]
[EventDate "2014.08.02"]
[EventType "swiss"]
[EventRounds "9"]
[EventCountry "NED"]
[Source "Mark Crowther"]
[SourceDate "2014.08.04"]

1. e4 e6 2. Qe2 Be7 3. Nf3 d5 4. d3 Nf6 5. g3 c5 6. Bg2 Nc6 7. O-O O-O 8. Re1
dxe4 9. dxe4 e5 10. c3 h6 11. Nbd2 Be6 12. Nc4 Qc7 13. Nh4 Rfe8 14. Ne3 Rad8
15. Nhf5 Bf8 16. Qf3 Nh7 17. Nd5 Qc8 18. Nfe3 b5 19. h4 Rd6 20. g4 Qd8 21. Qg3
Ne7 22. a4 a6 23. axb5 axb5 24. Nxe7+ Rxe7 25. Nf5 Bxf5 26. exf5 Rd3 27. Be3
Qb6 28. Ra8 b4 29. c4 Qc7 30. g5 hxg5 31. hxg5 Qd7 32. Be4 Rd1 33. Rxd1 Qxd1+
34. Kg2 Rc7 35. Bd5 1-0

[Event "18th HZ Open 2014"]
[Site "Vlissingen NED"]
[Date "2014.08.03"]
[Round "2.23"]
[White "Krasenkova, I."]
[Black "Piceu, T."]
[Result "0-1"]
[WhiteElo "2063"]
[BlackElo "2330"]
[PlyCount "78"]
[EventDate "2014.08.02"]
[EventType "swiss"]
[EventRounds "9"]
[EventCountry "NED"]
[Source "Mark Crowther"]
[SourceDate "2014.08.04"]

1. d4 Nf6 2. c4 c5 3. d5 b5 4. cxb5 a6 5. bxa6 Bxa6 6. Nc3 d6 7. g3 g6 8. e4
Bxf1 9. Kxf1 Bg7 10. Kg2 O-O 11. f4 Nbd7 12. Nf3 Qa5 13. Qe2 Nb6 14. Rd1 Rfb8
15. e5 Ne8 16. Bd2 Nc7 17. b3 Qa6 18. Qe4 Qb7 19. Be1 Rd8 20. Bf2 Nd7 21. Rac1
f5 22. exf6 exf6 23. Na4 f5 24. Qc4 Nf6 25. Nxc5 dxc5 26. d6+ Ncd5 27. Rc2 Rxd6
28. Bxc5 Rc8 29. Kh3 Qa6 30. Qxa6 Rxa6 31. Ne5 Ne3 32. Bxe3 Rxc2 33. Rd8+ Bf8
34. a4 Rd6 35. b4 Ng4 36. Bg1 Nxe5 37. fxe5 g5 38. g4 f4 39. Bf2 Rxf2 0-1

[Event "18th HZ Open 2014"]
[Site "Vlissingen NED"]
[Date "2014.08.03"]
[Round "2.24"]
[White "Erwich, Frank"]
[Black "Tikranian, Alik"]
[Result "1/2-1/2"]
[WhiteElo "2328"]
[BlackElo "2008"]
[PlyCount "80"]
[EventDate "2014.08.02"]
[EventType "swiss"]
[EventRounds "9"]
[EventCountry "NED"]
[Source "Mark Crowther"]
[SourceDate "2014.08.04"]

1. c4 e5 2. g3 Nf6 3. Bg2 Bc5 4. Nc3 Nc6 5. e3 d6 6. Nge2 O-O 7. d4 Bb6 8. O-O
Bg4 9. h3 Bf5 10. Kh2 h5 11. d5 Nb8 12. e4 Bh7 13. Ng1 Nbd7 14. Bg5 Qe8 15. Qe2
Bg6 16. Nf3 Nh7 17. Bd2 f5 18. exf5 Bxf5 19. Nh4 Nc5 20. Nxf5 Rxf5 21. b4 Nd7
22. h4 Rf8 23. Bh3 Ndf6 24. f3 a5 25. a3 axb4 26. axb4 Qg6 27. Rac1 Kh8 28. Be3
Bxe3 29. Qxe3 Ra3 30. Rfd1 Rb3 31. Qe2 Rxb4 32. Rb1 Rxb1 33. Rxb1 b6 34. Ra1
Re8 35. Ne4 Nxe4 36. fxe4 Nf6 37. Bf5 Qf7 38. Be6 Qg6 39. Bf5 Qf7 40. Be6 Qg6
1/2-1/2

[Event "18th HZ Open 2014"]
[Site "Vlissingen NED"]
[Date "2014.08.03"]
[Round "2.25"]
[White "Karssen, H."]
[Black "Dijkhuis, Tycho"]
[Result "0-1"]
[WhiteElo "2054"]
[BlackElo "2327"]
[PlyCount "62"]
[EventDate "2014.08.02"]
[EventType "swiss"]
[EventRounds "9"]
[EventCountry "NED"]
[Source "Mark Crowther"]
[SourceDate "2014.08.04"]

1. c4 e5 2. e3 d6 3. Nc3 g6 4. h4 Nf6 5. b3 Bg7 6. Bb2 O-O 7. Bd3 Nbd7 8. Nge2
b6 9. h5 Nxh5 10. Rxh5 gxh5 11. Qc2 Nf6 12. O-O-O c6 13. Rh1 d5 14. Ng3 e4 15.
Be2 Be6 16. Bxh5 Qd7 17. f3 Bf5 18. Nce2 Bg6 19. Nf4 exf3 20. Bxg6 fxg6 21.
gxf3 dxc4 22. bxc4 Rad8 23. d4 Qf7 24. Nd3 Nh5 25. Nxh5 Qxf3 26. Nxg7 Qxh1+ 27.
Kd2 Qg2+ 28. Kc3 Qxc2+ 29. Kxc2 Kxg7 30. d5+ Kg8 31. dxc6 Rxd3 0-1

[Event "18th HZ Open 2014"]
[Site "Vlissingen NED"]
[Date "2014.08.03"]
[Round "2.26"]
[White "Sowray, P."]
[Black "De Zwart, J."]
[Result "1/2-1/2"]
[WhiteElo "2325"]
[BlackElo "2005"]
[PlyCount "78"]
[EventDate "2014.08.02"]
[EventType "swiss"]
[EventRounds "9"]
[EventCountry "NED"]
[Source "Mark Crowther"]
[SourceDate "2014.08.04"]

1. d4 Nf6 2. c4 c5 3. d5 e6 4. Nc3 exd5 5. cxd5 d6 6. e4 g6 7. Nge2 Bg7 8. Ng3
O-O 9. Be2 a6 10. a4 Nbd7 11. O-O Re8 12. f3 Rb8 13. Be3 h5 14. Nh1 Nh7 15. Nf2
Ndf6 16. Qd2 Qc7 17. Ra3 Bd7 18. Rb1 b5 19. axb5 Bxb5 20. Bxb5 axb5 21. b4 Nd7
22. Ra6 Ne5 23. bxc5 Nc4 24. Qd3 Nxe3 25. Nxb5 Qxc5 26. Rc6 Rxb5 27. Rxb5 Qa7
28. Rcb6 Qa1+ 29. Rb1 Qd4 30. Rxd6 Qxd3 31. Nxd3 Bd4 32. Kh1 Ra8 33. Ne1 Ra2
34. Rd8+ Kg7 35. Rdb8 Rf2 36. Nd3 Rd2 37. Ne1 Rf2 38. Nd3 Rd2 39. Ne1 Rf2
1/2-1/2

[Event "18th HZ Open 2014"]
[Site "Vlissingen NED"]
[Date "2014.08.03"]
[Round "2.27"]
[White "Van der Borgt, P."]
[Black "Saravanan, V1."]
[Result "0-1"]
[WhiteElo "2025"]
[BlackElo "2320"]
[PlyCount "34"]
[EventDate "2014.08.02"]
[EventType "swiss"]
[EventRounds "9"]
[EventCountry "NED"]
[Source "Mark Crowther"]
[SourceDate "2014.08.04"]

1. e4 c5 2. c3 Nf6 3. e5 Nd5 4. Nf3 Nc6 5. d4 cxd4 6. Bc4 Nb6 7. Bb3 d5 8. cxd4
Bg4 9. Be3 e6 10. Nbd2 Be7 11. O-O O-O 12. h3 Bh5 13. Re1 f5 14. exf6 Bxf6 15.
g4 Bg6 16. Ne5 Bxe5 17. dxe5 d4 0-1

[Event "18th HZ Open 2014"]
[Site "Vlissingen NED"]
[Date "2014.08.03"]
[Round "2.28"]
[White "Timmermans, M."]
[Black "Galle, A."]
[Result "1-0"]
[WhiteElo "2320"]
[BlackElo "2003"]
[PlyCount "121"]
[EventDate "2014.08.02"]
[EventType "swiss"]
[EventRounds "9"]
[EventCountry "NED"]
[Source "Mark Crowther"]
[SourceDate "2014.08.04"]

1. b4 e5 2. Bb2 d6 3. c4 f5 4. e3 Nf6 5. b5 Be7 6. Nf3 c5 7. Be2 O-O 8. Nc3 a6
9. a4 Kh8 10. d3 b6 11. Nd2 a5 12. Bf3 Ra7 13. Nd5 Nbd7 14. O-O Nxd5 15. cxd5
Bb7 16. g3 Bf6 17. Nc4 Qe7 18. e4 f4 19. Bg4 Bg5 20. Be6 Bc8 21. Qh5 h6 22. h4
Bf6 23. Rad1 Rb7 24. Bc1 Rd8 25. gxf4 exf4 26. Bxf4 Be5 27. Be3 Nf6 28. Qf5
Bxe6 29. dxe6 Re8 30. Nxe5 dxe5 31. Qxe5 Ng4 32. Qg3 Qxe6 33. Bc1 h5 34. f3 Ne5
35. Bb2 Rd7 36. Bxe5 Qxe5 37. Qxe5 Rxe5 38. Kf2 Rd4 39. Rg1 Rxa4 40. Rg6 c4 41.
dxc4 Rxc4 42. Rxb6 a4 43. Rb1 a3 44. Ra6 Rc2+ 45. Kg3 Rb2 46. Ra1 Rexb5 47.
R1xa3 Re2 48. R6a5 Rxa5 49. Rxa5 g6 50. Ra7 Kg8 51. Kf4 Rg2 52. Ke5 Rg3 53. Kf6
Rxf3+ 54. Kxg6 Rg3+ 55. Kxh5 Kf8 56. Ra5 Re3 57. Rf5+ Ke7 58. Rf4 Ke6 59. Kg5
Ke5 60. h5 Rh3 61. Rg4 1-0

[Event "18th HZ Open 2014"]
[Site "Vlissingen NED"]
[Date "2014.08.03"]
[Round "2.29"]
[White "Van Rij, G."]
[Black "Verstraeten, R."]
[Result "0-1"]
[WhiteElo "2006"]
[BlackElo "2298"]
[PlyCount "42"]
[EventDate "2014.08.02"]
[EventType "swiss"]
[EventRounds "9"]
[EventCountry "NED"]
[Source "Mark Crowther"]
[SourceDate "2014.08.04"]

1. d4 Nf6 2. c4 g6 3. Nc3 Bg7 4. e4 O-O 5. Nf3 d6 6. Be2 e5 7. O-O Na6 8. Re1
c6 9. d5 Ne8 10. Rb1 f5 11. b4 Nf6 12. c5 cxd5 13. exd5 e4 14. Bxa6 exf3 15.
Bf1 fxg2 16. Be2 Ne4 17. Nxe4 fxe4 18. Kxg2 Qh4 19. f4 exf3+ 20. Bxf3 Bg4 21.
Rb3 Qh3+ 0-1